MARC

LEADER 00000nam0a2200000 4500
001 363074
005 20231102011543.0
035 |a (RuTPU)RU\TPU\retro\20421 
090 |a 363074 
100 |a 20210916d1979 km y0rusy5003 ca 
101 0 |a rus 
102 |a RU 
105 |a a z 001zy 
200 1 |a Внутреннее трение в твердых телах при колебаниях  |f Л. Ф. Кочнева  |g Академия наук СССР, Государственный научно-исследовательский институт машиноведения им. А. А. Благонравова 
210 |a Москва  |c Наука  |d 1979 
215 |a 96 с.  |c ил. 
320 |a Библиография: с. 93-95 
606 1 |a Твердые тела  |x Трение внутренние  |2 stltpush  |3 (RuTPU)RU\TPU\subj\58692  |9 76457 
610 1 |a гипотезы 
610 1 |a анализ 
610 1 |a наследственное частотнонезависимое внутреннее трение 
610 1 |a теория 
610 1 |a упругие системы 
610 1 |a колебания 
675 |a 539.67  |v 4 
700 1 |a Кочнева  |b Л. Ф.  |g Людмила Федоровна 
712 0 2 |a Академия наук СССР  |b Государственный научно-исследовательский институт машиноведения им. А. А. Благонравова  |c (Москва)  |c (1962-1979)  |2 stltpush  |3 (RuTPU)RU\TPU\col\27800  |9 28893 
801 0 |a RU  |b 63413507  |c 19950704  |g psbo 
801 1 |a RU  |b 63413507  |c 20150821 
801 2 |a RU  |b 63413507  |c 20220321  |g RCR 
942 |c BK